Central Library OPAC University of Rajshahi

The virtual self : (Record no. 57734)

MARC details
000 -LEADER
fixed length control field 00837nam a2200265 a 4500
001 - CONTROL NUMBER
control field 57734
003 - CONTROL NUMBER IDENTIFIER
rucl marc code BD-RjUL
005 - DATE AND TIME OF LATEST TRANSACTION
control field 20211209080539.0
008 - FIXED-LENGTH DATA ELEMENTS--GENERAL INFORMATION
fixed length control field 030428s2004 mau b 001 0 eng
020 ## - INTERNATIONAL STANDARD BOOK NUMBER
International Standard Book Number 0631216480 (hc)
International Standard Book Number 0631216499 (pbk.)
035 ## - SYSTEM CONTROL NUMBER
System control number (BD-RjUL)57858
040 ## - CATALOGING SOURCE
Original cataloging agency DLC
Transcribing agency DLC
Modifying agency BD-RjUL
Language of cataloging eng
041 ## - LANGUAGE CODE
Language code of text/sound track or separate title eng
082 00 - DEWEY DECIMAL CLASSIFICATION NUMBER
Classification number 303.4833
Edition number 23
Author mark and year AGV 2004
100 1# - MAIN ENTRY--PERSONAL NAME
Personal name Agger, Ben.
9 (RLIN) 171459
245 14 - TITLE STATEMENT
Title The virtual self :
Remainder of title a contemporary sociology /
Statement of responsibility, etc. Ben Agger.
260 ## - PUBLICATION, DISTRIBUTION, ETC. (IMPRINT)
Place of publication, distribution, etc. Malden, MA :
Name of publisher, distributor, etc. Blackwell Pub.,
Date of publication, distribution, etc. 2004.
300 ## - PHYSICAL DESCRIPTION
Pagination vii, 203 p. ;
Size 24 cm.
504 ## - BIBLIOGRAPHY, ETC. NOTE
Bibliography, etc Includes bibliographical references (p. [181]-186) and index.
650 #0 - SUBJECT ADDED ENTRY--TOPICAL TERM
Topical term or geographic name as entry element Information society.
General subdivision Information Technology
9 (RLIN) 171461
830 ## - SERIES ADDED ENTRY--UNIFORM TITLE
Uniform title 21st-century sociology
942 ## - ADDED ENTRY ELEMENTS (KOHA)
Source of classification or shelving scheme Dewey Decimal Classification
Koha item type Books
Holdings
Lost status Source of classification or shelving scheme Damaged status Not for loan Collection code Permanent Location Current Location Shelving location Date acquired Source of acquisition Cost, normal purchase price Total Checkouts Full call number Date last seen Copy number Koha item type
  Dewey Decimal Classification   Not For Loan Non-fiction Central Library, University of Rajshahi Central Library, University of Rajshahi Reading Room 27/06/2013 Associated Business Corporation 3545.00   303.4833 AGV 2004 11/12/2016 C-1 Books